| 000 | 00458nam a2200169Ia 4500 | ||
|---|---|---|---|
| 008 | 230711s9999||||xx |||||||||||||| ||und|| | ||
| 020 | _a978-0-07-060122-2 | ||
| 041 | _aENG | ||
| 082 |
_a620.0015183 _bHU-F |
||
| 100 | _aHutton,David V | ||
| 245 | 0 | _aFundamentals of finite element analysis | |
| 250 | _a1st Ed. | ||
| 260 |
_c2005 _aNew Delhi _bMcGraw Hill Education(India) Private Limited |
||
| 300 | _a768p. | ||
| 650 | _aCivil Engineering | ||
| 942 | _cBK | ||
| 999 |
_c6139 _d6139 |
||